[Event "ESP-ch U10"]
[Site "Salobrena"]
[Date "2023.07.07"]
[Round "8"]
[White "Fedorov Kozlov, Andrei"]
[Black "Clerc, Oceane"]
[Result "0-1"]
[WhiteElo "1050"]
[BlackElo "1230"]
[PlyCount "52"]
[EventDate "2023.07.03"]
[EventType "swiss"]
[EventRounds "9"]
[EventCountry "ESP"]
[SourceTitle "EXT 2024"]
[Source "ChessBase"]
[SourceDate "2023.10.10"]
[SourceVersion "1"]
[SourceVersionDate "2023.10.10"]
[SourceQuality "1"]

1. Nf3 d5 2. e3 Nf6 3. b3 Bf5 4. Nc3 e6 5. d4 c5 6. Bb5+ Nbd7 7. Ba3 a6 8. Bd3 Bxd3 9. cxd3 b5 10. dxc5 Bxc5 11. b4 Bd6 12. e4 dxe4 13. dxe4 Qb6 14. 0-0 0-0 15. Rc1 Ne5 16. Nd4 Nc4 17. Na4 Qb7 18. Rxc4 bxc4 19. Nxe6 fxe6 20. Qxd6 Qd7 21. Qxd7 Nxd7 22. b5 Rfb8 23. bxa6 Rxa6 24. Nc5 Nxc5 25. Bxc5 Rc8 26. Be3 Rxa2 0-1